01233nam a2200253 a 450000100100000000500170001000800410002702000150006804000250008310000370010824501440014526001050028930000210039449000510041550000820046650400730054850400200062170000420064171000720068371000440075583000580079995201050085799900170096200004109520201002034620.0130917s1987 sp 000 0 spa d a840006576X aDO-SdBNPbspacBNPHU1 aAlvarez Peláez, Raquel.96761810a¿Criminales o locos? :bdos peritajes psiquiátricos del Dr. Gonzalo R. Lafora /cRaquel Alvarez Peláez, Rafael Huertas García-Alejo. aMadrid :bConsejo Superior de Investigaciones Científicas, Centro de Estudios Históricos,c1987. a333 p. ;c18 cm.1 aCuadernos Galileo de Historia de la Cienciav6 aEdición Conmemorativa del Quinto Centenario del Descubrimiento de América aIncluye referencias bibliográficas y notas al pie de las páginas abibliografías1 aHuertas García-Alejo, Rafael9148992 aConsejo Superior de Investigaciones Científicas,(España)9675702 aCentro de Estudios Históricos,964022 0aCuadernos Galileo de Historia de la Ciencian6967619 001050718MOaGRbGRcCTd2013-09-17iLF1l0o p41095-10r2020-06-25w2020-06-25y1ZNo se presta c40585d40585